[Event "Budapest Spring Festival 2019"]
[Site "Budapest"]
[Date "2019.04.16"]
[Round "8.17"]
[White "Raja Harshit"]
[Black "Borhy, Marcell"]
[Result "1-0"]
[WhiteElo "2432"]
[BlackElo "2237"]
[Annotator "TA"]
[PlyCount "107"]
[EventDate "2019.04.09"]
[EventType "swiss"]
[EventCountry "HUN"]
[SourceTitle "playchess.com"]
[Source "ChessBase"]
[SourceQuality "1"]

{[%evp 13,107,35,33,37,33,32,43,39,50,46,39,25,35,0,4,7,9,0,0,0,0,3,147,147,135,152,135,128,137,118,155,162,154,159,153,158,249,239,198,85,321,308,328,300,327,317,301,284,276,269,264,258,256,248,258,258,314,317,305,305,368,369,611,610,607,595,535,546,717,691,635,635,631,624,737,609,570,577,844,842,758,685,1085,1008,923,881,2339,2294,5595,5382,6095,5600,29984,29985,29989,29985]} 1. e4 d6 2. d4 Nf6 3. Nc3 e5 4. dxe5 dxe5 5. Qxd8+ Kxd8 6. Bc4 Ke8 7. Nf3 Bd6 8. Be3 {B07: Pirc Defence: Miscellaneous Systems} a6 9. O-O-O Bg4 $146 ({Predecessor:} 9... b5 10. Bd5 Nxd5 11. Nxd5 Nd7 12. c4 bxc4 13. Nd2 c3 14. Nxc3 Nf6 15. Nc4 Ke7 {0-1 (52) Lugovskoy,M (2445)-Rozum,I (2589) Mumbai 2019}) 10. h3 {White is slightly better.} Bxf3 11. gxf3 Nbd7 12. Rhg1 g6 13. Nd5 Nxd5 14. Bxd5 Rb8 15. Ba7 Ra8 16. Be3 Rb8 17. f4 f6 {[#]} (17... exf4 $11 {remains equal.} 18. Ba7 Rd8) 18. f5 $1 $36 {[%mdl 2048] Black is under strong pressure.} g5 19. h4 h6 20. Rh1 {Hoping for hxg5.} Ke7 21. Rh3 Nc5 22. hxg5 hxg5 {[#]} 23. Rdh1 $1 Rxh3 24. Rxh3 {And now Rh7+ would win.} c6 (24... Nd7 $16 25. Rh7+ Ke8) 25. Rh7+ Kd8 26. Be6 (26. b4 $18 {has better winning chances.} Nd3+ {[%mdl 64] Discovered Attack} 27. cxd3 cxd5 28. Bb6+ (28. exd5 Rc8+ 29. Kb2 b5 $16) 28... Ke8 29. exd5) 26... b5 $2 (26... b6 $16 {was worth a try.}) 27. b4 $18 Nxe6 28. fxe6 {[%mdl 4096] Endgame KRB-KRB} Ke8 29. c3 Rd8 30. f3 Kf8 31. Rf7+ Kg8 32. Kc2 Re8 33. Rxf6 Be7 34. Rf5 Kg7 35. Rxe5 Kg6 36. Rf5 Bf6 37. Bd4 Bxd4 $2 (37... Bd8 38. Kd3 Rxe6) 38. cxd4 Rxe6 {KR-KR} 39. Kd3 Re8 40. Ke3 a5 41. bxa5 Ra8 42. Rc5 Rxa5 43. Rxc6+ Kf7 44. Rc2 Ra3+ 45. Kf2 g4 46. fxg4 Rd3 47. Rc7+ Ke6 48. Rc6+ Kd7 49. d5 Rd2+ 50. Ke3 Rxa2 51. e5 Ra4 52. e6+ Kd8 53. d6 Rxg4 54. Ra6 {Accuracy: White = 76%, Black = 48%.} 1-0

[Event "Budapest Spring Festival 2019"]
[Site "Budapest"]
[Date "2019.04.16"]
[Round "8.18"]
[White "Bernadskiy, Vitaliy"]
[Black "Parkhov, Yair"]
[Result "1-0"]
[WhiteElo "2587"]
[BlackElo "2352"]
[Annotator "ChessBase"]
[PlyCount "65"]
[EventDate "2019.04.09"]
[EventType "swiss"]
[EventCountry "HUN"]
[SourceTitle "playchess.com"]
[Source "ChessBase"]
[SourceQuality "1"]
[TimeControl "40/5400+30:1800+30"]

1. e4 {[%emt 0:04:45]} c5 {[%emt 0:00:07]} 2. Nf3 {[%emt 0:00:05]} d6 {[%emt 0:00:03]} 3. Bb5+ {[%emt 0:00:19]} Nd7 {[%emt 0:00:09]} 4. O-O {[%emt 0:00:07]} a6 {[%emt 0:00:03]} 5. Bd3 {[%emt 0:00:05]} Ngf6 {[%emt 0:00:08]} 6. c3 {[%emt 0:00:10]} b5 {[%emt 0:00:12]} 7. a4 {[%emt 0:00:12]} Bb7 {[%emt 0:03:59]} 8. axb5 {[%emt 0:04:05]} axb5 {[%emt 0:00:06]} 9. Rxa8 {[%emt 0:00:05]} Qxa8 {[%emt 0:00:09]} 10. Bxb5 {[%emt 0:02:41]} Bxe4 {[%emt 0:00:45]} 11. d4 {[%emt 0:01:07]} Bxb1 {[%emt 0:02:45]} 12. dxc5 {[%emt 0:00:03]} Be4 {[%emt 0:10:08]} 13. Re1 {[%emt 0:00:10]} e6 {[%emt 0:26:09]} 14. Rxe4 {[%emt 0:07:09]} Qxe4 {[%emt 0:24:16]} 15. c6 {[%emt 0:02:03]} Be7 {[%emt 0:02:54]} 16. cxd7+ {[%emt 0:00:25]} Nxd7 {[%emt 0:01:06]} 17. Nd4 {[%emt 0:00:03]} Qb7 {[%emt 0:09:44]} 18. Qa4 {[%emt 0:00:32]} O-O {[%emt 0:03:59]} 19. Bxd7 {[%emt 0:00:12]} Ra8 {[%emt 0:04:35]} 20. Bc6 {[%emt 0:00:09]} Rxa4 {[%emt 0:00:10]} 21. Bxb7 {[%emt 0:00:03]} Bg5 {[%emt 0:01:45]} 22. f4 {[%emt 0:00:28]} e5 {[%emt 0:00:09]} 23. Bc6 {[%emt 0:02:56]} Rc4 {[%emt 0:02:26]} 24. Bd5 {[%emt 0:01:45]} Rc5 {[%emt 0:01:47]} 25. c4 {[%emt 0:01:18]} exd4 {[%emt 0:00:05]} 26. fxg5 {[%emt 0:00:47]} Ra5 {[%emt 0:00:04]} 27. Kf2 {[%emt 0:00:08]} Ra1 {[%emt 0:00:05]} 28. Bf4 {[%emt 0:00:34]} Ra2 {[%emt 0:00:15]} 29. Bxd6 {[%emt 0:00:24]} Rxb2+ {[%emt 0:00:06]} 30. Ke1 {[%emt 0:00:02]} g6 {[%emt 0:01:33]} 31. c5 {[%emt 0:00:06]} Kg7 {[%emt 0:00:09]} 32. c6 {[%emt 0:00:24]} f6 {[%emt 0:00:18]} 33. c7 {[%emt 0:00:08]} 1-0

[Event "Budapest Spring Festival 2019"]
[Site "Budapest"]
[Date "2019.04.16"]
[Round "8.19"]
[White "Kulkarni Bhakti"]
[Black "Vetoshko, Volodymyr"]
[Result "1/2-1/2"]
[WhiteElo "2350"]
[BlackElo "2510"]
[Annotator "ChessBase"]
[PlyCount "32"]
[EventDate "2019.04.09"]
[EventType "swiss"]
[EventCountry "HUN"]
[SourceTitle "playchess.com"]
[Source "ChessBase"]
[SourceQuality "1"]
[TimeControl "40/5400+30:1800+30"]

1. d4 {[%emt 0:02:50]} Nf6 {[%emt 0:00:30]} 2. c4 {[%emt 0:00:29]} e6 {[%emt 0:00:08]} 3. Nc3 {[%emt 0:00:33]} Bb4 {[%emt 0:00:08]} 4. Qc2 {[%emt 0:00:32]} b6 {[%emt 0:00:21]} 5. a3 {[%emt 0:02:37]} Bxc3+ {[%emt 0:00:08]} 6. Qxc3 {[%emt 0:00:05]} Bb7 {[%emt 0:01:49]} 7. Bg5 {[%emt 0:00:55]} O-O {[%emt 0:00:59]} 8. e3 {[%emt 0:00:22]} d6 {[%emt 0:01:55]} 9. Ne2 {[%emt 0:00:34]} Nbd7 {[%emt 0:01:35]} 10. Qc2 {[%emt 0:00:16]} h6 {[%emt 0:04:21]} 11. Bh4 {[%emt 0:00:30]} c5 {[%emt 0:02:13]} 12. Rd1 {[%emt 0:00:18]} Qe7 {[%emt 0:02:59]} 13. Nc3 {[%emt 0:01:14]} cxd4 {[%emt 0:21:23]} 14. Rxd4 {[%emt 0:01:11]} Rfd8 {[%emt 0:00:26]} 15. f3 {[%emt 0:02:32]} d5 {[%emt 0:25:37]} 16. cxd5 {[%emt 0:01:17]} exd5 {[%emt 0:02:25]} 1/2-1/2

[Event "Budapest Spring Festival 2019"]
[Site "Budapest"]
[Date "2019.04.16"]
[Round "8.20"]
[White "Popovic, Dusan"]
[Black "Song, Julien"]
[Result "1/2-1/2"]
[WhiteElo "2503"]
[BlackElo "2310"]
[Annotator "TA"]
[PlyCount "59"]
[EventDate "2019.04.09"]
[EventType "swiss"]
[EventCountry "HUN"]
[SourceTitle "playchess.com"]
[Source "ChessBase"]
[SourceQuality "1"]

{[%evp 12,59,16,2,13,10,23,7,27,0,38,6,18,20,24,14,16,10,10,13,21,22,27,0,16,16,15,23,21,6,22,21,16,1,10,9,7,15,15,0,12,9,33,27,26,30,37,18,30,30]} 1. g3 d5 2. Bg2 g6 3. Nf3 Bg7 4. O-O e5 5. d3 Ne7 6. e4 dxe4 7. dxe4 Qxd1 {A07: Réti Opening: New York and Capablanca Systems} (7... O-O {is more complex.} 8. Qe2 Nbc6 9. Rd1 Qe8 10. Be3 Bg4) 8. Rxd1 Nbc6 9. Be3 (9. c3 Be6 10. Na3 h6 11. Be3 a6 12. Nd2 O-O 13. Bf1 Rfd8 14. Bc4 Bxc4 15. Naxc4 {1-0 (34) Vachier Lagrave,M (2758)-Gelfand,B (2741) Berlin 2015}) 9... Bg4 {The position is equal.} 10. Na3 f6 11. c3 O-O 12. h3 $146 ({Predecessor:} 12. Rd2 a6 13. Rad1 Rfd8 14. h3 Be6 15. b3 {0-1 (50) Morselli,S (1921)-Dubois,M (2001) Imperia 2009}) 12... Be6 13. Bf1 a6 14. Nc4 Rfd8 15. a4 Rxd1 16. Rxd1 Rd8 17. Ra1 Bf8 18. b4 Ra8 19. Nfd2 Nc8 20. f4 Nd6 21. Nxd6 Bxd6 22. Nc4 Be7 23. Kf2 Kg7 24. Rb1 exf4 25. gxf4 g5 26. Rd1 b5 27. axb5 axb5 28. Na5 gxf4 29. Bxf4 Ne5 30. Bxb5 {Accuracy: White = 47%, Black = 55%.} 1/2-1/2

[Event "Budapest Spring Festival 2019"]
[Site "Budapest"]
[Date "2019.04.16"]
[Round "8.21"]
[White "Galyas, Miklos"]
[Black "Mehar, Chinna Reddy C.H."]
[Result "1-0"]
[WhiteElo "2490"]
[BlackElo "2348"]
[Annotator "TA"]
[PlyCount "69"]
[EventDate "2019.04.09"]
[EventType "swiss"]
[EventCountry "HUN"]
[SourceTitle "playchess.com"]
[Source "ChessBase"]
[SourceQuality "1"]

{[%evp 15,69,-3,-2,-8,-4,-6,4,-14,-17,-7,-7,-27,-1,0,37,43,39,28,31,0,0,0,0,0,0,0,0,0,69,0,0,-52,-34,-164,-143,-156,-157,-152,-158,-163,0,0,315,311,5875,1072,29989,29990,29988,29988,29990,29991,29991,29987,29987,29988]} 1. d4 d5 2. Bf4 Nf6 3. e3 c5 4. c3 Nc6 5. Nd2 e6 6. Ngf3 Bd6 7. Bg3 O-O 8. Bd3 b6 9. Qe2 {D02: 1 d4 d5 2 Nf3 sidelines, including 2...Nf6 3 g3 and 2...Nf6 3 Bf4} Bb7 10. Rd1 Rc8 (10... Re8 11. e4 Be7 12. e5 Nh5 13. h4 cxd4 14. Nxd4 Nxg3 15. fxg3 Bc5 16. N2f3 f5 {½-½ (45) Esipenko,A (2593)-Karjakin,S (2753) St Petersburg 2018}) 11. e4 {And now e5 would win.The position is equal.} Be7 12. e5 Nh5 13. a3 g6 (13... a5 {feels hotter.} 14. Nh4 g6 15. Nhf3 c4 16. Bc2 b5) 14. O-O {[#]} c4 $146 ({Predecessor:} 14... Re8 15. Qe3 a6 16. Rfe1 cxd4 17. cxd4 {0-1 (41) Wallner,J (2311)-Shabalov,A (2567) Dresden 2018}) 15. Bb1 b5 16. h3 a5 17. Nh2 b4 18. axb4 axb4 19. Ng4 Ra8 20. Nf3 bxc3 21. bxc3 Ra3 (21... Na7 $1 $11) 22. Qe3 (22. Qb2 $1 $14) 22... Na7 $11 23. Qh6 ({White should play} 23. Rc1 $11) 23... Rxc3 $15 24. Nf6+ (24. Bh4 $1 $15 Rxf3 25. Bxe7 Qxe7 26. gxf3) 24... Bxf6 $19 (24... Nxf6 25. Ng5 Re8 26. exf6 Bxf6 27. Qxh7+ Kf8 28. Qxf7#) 25. exf6 {[#] Black must now prevent Ng5.} Rxf3 $1 {[%mdl 512]} 26. gxf3 Qxf6 27. Be5 {[#]} Qe7 $2 ({Don't do} 27... Qxf3 28. Qe3 $17) (27... Qh4 $1 $19 28. Kg2 (28. Bd6 Rc8 $17) 28... Nc6) 28. Kh2 $1 $40 {[%mdl 128] aiming for Qxh5! White has some attack.} Nc6 $2 {[%mdl 8192] [#]} (28... f6 $11 {and Black is okay.} 29. Rg1 Qg7 30. Qxg7+ Nxg7) 29. Qxh5 $1 $18 f6 $2 (29... f5) 30. Rg1 {Intending Bxg6! and mate.} fxe5 {[#]} 31. Bxg6 $1 {[%mdl 512] White mates.} Kh8 (31... hxg6 32. Qxg6+) 32. Rg4 Rg8 33. Rdg1 Nxd4 34. Bxh7 {[%csl Gg1,Gh7][%cal Rg4g8]} Nxf3+ 35. Kh1 {Accuracy: White = 48%, Black = 62%.} 1-0

[Event "Budapest Spring Festival 2019"]
[Site "Budapest"]
[Date "2019.04.16"]
[Round "8.22"]
[White "Risting, Eivind Olav"]
[Black "Swayams, Mishra"]
[Result "1/2-1/2"]
[WhiteElo "2345"]
[BlackElo "2478"]
[Annotator "ChessBase"]
[PlyCount "32"]
[EventDate "2019.04.09"]
[EventType "swiss"]
[EventCountry "HUN"]
[SourceTitle "playchess.com"]
[Source "ChessBase"]
[SourceQuality "1"]
[TimeControl "40/5400+30:1800+30"]

1. d4 {[%emt 0:00:03]} Nf6 {[%emt 0:08:53]} 2. c4 {[%emt 0:00:09]} e6 {[%emt 0:00:11]} 3. Nf3 {[%emt 0:00:12]} b6 {[%emt 0:00:05]} 4. a3 {[%emt 0:00:17]} Bb7 {[%emt 0:00:02]} 5. Nc3 {[%emt 0:00:09]} d5 {[%emt 0:00:04]} 6. cxd5 {[%emt 0:00:15]} Nxd5 {[%emt 0:00:03]} 7. Qc2 {[%emt 0:00:09]} Nxc3 {[%emt 0:03:34]} 8. bxc3 {[%emt 0:00:32]} Nd7 {[%emt 0:02:28]} 9. e4 {[%emt 0:02:01]} c5 {[%emt 0:00:02]} 10. Bf4 {[%emt 0:09:23]} Rc8 {[%emt 0:05:03]} 11. d5 {[%emt 0:08:44]} exd5 {[%emt 0:11:59]} 12. exd5 {[%emt 0:00:11]} c4 {[%emt 0:00:08]} 13. d6 {[%emt 0:09:07]} Qf6 {[%emt 0:01:59]} 14. Qe2+ {[%emt 0:01:07]} Qe6 {[%emt 0:00:08]} 15. O-O-O {[%emt 0:17:29]} h6 {[%emt 0:17:58]} 16. h4 {[%emt 0:07:23]} Kd8 {[%emt 0:06:21]} 1/2-1/2

[Event "Budapest Spring Festival 2019"]
[Site "Budapest"]
[Date "2019.04.16"]
[Round "8.23"]
[White "Pratyusha, Bodda"]
[Black "Ankit, R. Rajpara"]
[Result "1/2-1/2"]
[WhiteElo "2277"]
[BlackElo "2462"]
[Annotator "TA"]
[PlyCount "84"]
[EventDate "2019.04.09"]
[EventType "swiss"]
[EventCountry "HUN"]
[SourceTitle "playchess.com"]
[Source "ChessBase"]
[SourceQuality "1"]

{[%evp 10,84,30,0,15,13,15,15,18,22,18,0,8,0,0,-4,-7,-14,-6,-10,-6,-3,0,0,0,0,11,12,10,17,31,15,19,22,17,31,24,5,18,0,0,0,0,4,7,0,0,0,0,0,0,0,0,0,8,8,8,8,8,8,8,8,8,8,8,8,8,0,0,0,8,8,8,8,8,0,8]} 1. e4 e5 2. Nf3 Nc6 3. Bc4 Nf6 4. d3 Be7 5. Bb3 O-O 6. c3 d6 {C55: Two Knights: 4 d3, 4 d4 exd4 5 e5 and Max Lange Attack} 7. h3 $146 (7. O-O Na5 8. Bc2 c5 9. d4 cxd4 10. cxd4 Nc6 11. d5 Nb4 12. Bb3 a5 13. a3 Na6 14. Bc2 Bd7 15. Bd2 a4 16. Re1 b5 {0-1 (48) Tiviakov,S (2639)-Nikolic,P (2601) Leiden 2015}) ({Predecessor:} 7. Nbd2 Na5 8. Bc2 c5 9. Nf1 Nc6 10. Ng3 Re8 11. O-O h6 {½-½ (67) Levitsky,A (2177)-Volotovsky,K (2055) Vinnytsia 2018}) 7... Na5 8. Bc2 c5 9. Nbd2 Nc6 10. Nf1 h6 11. Ng3 Re8 12. O-O Bf8 13. d4 exd4 14. cxd4 cxd4 15. Nxd4 d5 {[%cal Rd5e4]} 16. Nxc6 bxc6 17. exd5 cxd5 18. Be3 Bd6 {[#] ...Bxg3 is the strong threat.} 19. Bd4 {Threatening Bxf6.} Be5 20. Re1 Bxd4 21. Qxd4 Rxe1+ 22. Rxe1 Be6 23. Re3 Qa5 {The position is equal.} 24. Bb3 Rc8 25. Rc3 Rxc3 26. bxc3 Qb6 27. Qxb6 axb6 $11 {[%mdl 4096] Endgame KBN-KBN} 28. f4 Kf8 29. Kf2 Ke7 30. Ke3 Kd6 31. Kd4 g5 32. fxg5 hxg5 33. Bc2 Ng8 34. c4 {Hoping for cxd5.} Nf6 35. Nf5+ Bxf5 36. Bxf5 dxc4 37. Kxc4 {KB-KN} Nd5 {[#] Strongly threatening ...Ne3+.} 38. Kd4 Nf4 39. Be4 Ne6+ 40. Kc4 Ke5 41. Bb7 {Black must now prevent Kb5.} Nc7 42. g3 f5 {Accuracy: White = 59%, Black = 66%.} 1/2-1/2

[Event "Budapest Spring Festival 2019"]
[Site "Budapest"]
[Date "2019.04.16"]
[Round "8.24"]
[White "Gorodetzky, David"]
[Black "Krstulovic, Alex"]
[Result "1-0"]
[WhiteElo "2461"]
[BlackElo "2345"]
[Annotator "TA"]
[PlyCount "71"]
[EventDate "2019.04.09"]
[EventType "swiss"]
[EventCountry "HUN"]
[SourceTitle "playchess.com"]
[Source "ChessBase"]
[SourceQuality "1"]

{[%evp 9,71,8,12,12,22,10,20,21,14,12,25,23,25,26,39,33,41,37,49,0,108,115,108,108,114,115,158,178,171,132,132,132,134,133,176,148,152,150,146,80,85,91,133,126,129,43,70,69,291,231,354,273,274,274,276,264,272,273,266,268,259,246,304,284]} 1. d4 d5 2. Nf3 Nf6 3. Bf4 c5 4. e3 Nc6 5. Nbd2 (5. c3 e6 6. Nbd2 cxd4 7. exd4 Nh5 8. Bg5 f6 9. Be3 Bd6 10. g3 O-O 11. Nh4 g6 12. Be2 Ng7 13. O-O e5 14. dxe5 fxe5 {½-½ (59) Aronian,L (2767)-Nakamura,H (2777) chess.com INT 2018}) 5... cxd4 6. exd4 {D02: 1 d4 d5 2 Nf3 sidelines, including 2...Nf6 3 g3 and 2...Nf6 3 Bf4} Bf5 7. c3 e6 8. Qb3 {The position is equal.} Bd6 9. Qxb7 Bxf4 10. Qxc6+ Kf8 11. Ne5 $146 {[%mdl 128] White has some attack.} ({Predecessor:} 11. g3 Bxd2+ 12. Nxd2 g6 {½-½ (24) Artemiev,V (2653)-Shirov,A (2673) Moscow 2016}) 11... g6 12. Qb7 {[%csl Ge5][%cal Rb7f7]} Bxe5 13. dxe5 Ng4 14. Nf3 {[%cal Bd2f3,Bf3d4,Bd4c6][%mdl 32]} Be4 (14... Kg7 $11 {remains equal.}) 15. h3 $1 $16 {[%cal Rh3g4]} Nh6 16. Nd4 Nf5 17. Nc6 Qe8 18. f3 Ng3 19. Rg1 Nxf1 20. Rxf1 (20. fxe4 Ng3 $14) 20... Bd3 21. Rf2 a5 22. Rd2 Ba6 {[#]} 23. Qb6 $1 a4 {[#]} 24. Rd4 (24. b4 $142 $1) 24... Bc4 25. Na5 Kg7 26. Nxc4 dxc4 27. Rad1 (27. Rxc4 $16 {Hoping for 0-0-0.} Rb8 28. Qf2) 27... Rb8 28. Qc7 Qb5 $2 (28... a3 $14) 29. Rf4 $18 (29. Rxc4 Rhc8 $11) 29... Qe8 (29... Rbf8 {was worth a try.} 30. Rd7 (30. Qxc4 Qxb2 31. Kf1 Re8 $16) (30. Rxc4 Rc8 $11) 30... h5 31. Rdxf7+ Rxf7 32. Qxf7+ {[%mdl 64] Double Attack} Kh6) 30. Rd7 {[%cal Rd7f7]} (30. Qxc4 Rxb2 31. Qc7 (31. Qxa4 Qxa4 32. Rxa4 Rxg2 $11) 31... Rf8 $14) 30... Rf8 31. Re7 ({Less strong is} 31. Rxc4 Rxb2 32. Rxa4 Rxg2 $16) 31... Rc8 32. Qa7 ({Weaker is} 32. Rxe8 Rxc7 33. Rxf8 Kxf8 $16) 32... Ra8 33. Rxe8 Rxa7 34. Rxf8 Kxf8 35. Rxc4 g5 36. Kd2 {Accuracy: White = 70%, Black = 47%.} 1-0

[Event "Budapest Spring Festival 2019"]
[Site "Budapest"]
[Date "2019.04.16"]
[Round "8.25"]
[White "Bayramov, Zaur"]
[Black "Nguyen, Piotr"]
[Result "1-0"]
[WhiteElo "2301"]
[BlackElo "2427"]
[Annotator "NA RC"]
[PlyCount "57"]
[EventDate "2019.04.09"]
[EventType "swiss"]
[EventCountry "HUN"]
[SourceTitle "playchess.com"]
[Source "ChessBase"]
[SourceQuality "1"]
[TimeControl "40/5400+30:1800+30"]

1. d4 {[%emt 0:00:03]} f5 {[%emt 0:00:05]} 2. e4 {[%emt 0:04:59]} fxe4 {[%emt 0:00:05]} 3. f3 {[%emt 0:00:38]} d5 {[%emt 0:01:42]} 4. Nc3 {[%emt 0:06:39]} Nf6 {[%emt 0:00:06]} 5. Bf4 {[%emt 0:02:12]} Bf5 {[%emt 0:26:40]} 6. fxe4 {[%emt 0:13:48]} dxe4 {[%emt 0:04:00]} 7. Bc4 {[%emt 0:09:43]} e6 {[%emt 0:01:26]} 8. Nge2 {[%emt 0:02:05]} Nc6 {[%emt 0:20:43]} 9. O-O {[%emt 0:23:16]} Na5 {[%emt 0:01:06]} 10. Bb3 {[%emt 0:02:50]} Nxb3 {[%emt 0:01:23]} 11. axb3 {[%emt 0:00:07]} Bd6 {[%emt 0:08:29]} 12. Qd2 {[%emt 0:08:01]} O-O {[%emt 0:01:22]} 13. h3 {[%emt 0:05:34]} Nd5 {[%emt 0:08:15]} 14. Bxd6 {[%emt 0:04:44]} Qxd6 {[%emt 0:00:11]} 15. Nb5 {[%emt 0:03:28]} Qb6 {[%emt 0:01:39]} 16. c4 {[%emt 0:00:05]} a6 {[%emt 0:06:27]} 17. Na3 {[%emt 0:01:12]} Qb4 {[%emt 0:02:09]} 18. Qc1 {[%emt 0:01:03]} Nf6 {[%emt 0:04:39]} 19. Qe3 {[%emt 0:00:19]} Qe7 {[%emt 0:01:27]} 20. Nb1 {[%emt 0:01:29]} Rad8 {[%emt 0:01:31]} 21. Nbc3 {[%emt 0:01:33]} Qb4 {[%emt 0:01:14]} 22. Na4 {[%emt 0:02:26]} b6 {[%emt 0:00:54]} 23. d5 {[%emt 0:01:09]} Bg6 {[%emt 0:05:09]} 24. dxe6 {[%emt 0:01:43]} Rd3 {[%emt 0:00:09]} 25. Qg5 {[%emt 0:00:21]} e3 {[%emt 0:00:57]} 26. Nf4 {[%emt 0:01:02]} Ne4 {[%emt 0:00:26]} 27. Nxd3 {[%emt 0:00:20]} Rxf1+ {[%emt 0:00:43]} 28. Rxf1 {[%emt 0:00:05]} Qd6 {[%emt 0:00:07]} 29. Qxe3 {[%emt 0:00:09]} 1-0

[Event "Budapest Spring Festival 2019"]
[Site "Budapest"]
[Date "2019.04.16"]
[Round "8.26"]
[White "Balogh, David"]
[Black "Srinath, Rao S.V."]
[Result "0-1"]
[WhiteElo "2264"]
[BlackElo "2416"]
[Annotator "NA RC"]
[PlyCount "70"]
[EventDate "2019.04.09"]
[EventType "swiss"]
[EventCountry "HUN"]
[SourceTitle "playchess.com"]
[Source "ChessBase"]
[SourceQuality "1"]
[TimeControl "40/5400+30:1800+30"]

1. d4 {[%emt 0:00:03]} Nf6 {[%emt 0:01:59]} 2. Nf3 {[%emt 0:00:08]} g6 {[%emt 0:00:05]} 3. Bg5 {[%emt 0:00:05]} Bg7 {[%emt 0:00:12]} 4. Nbd2 {[%emt 0:00:06]} O-O {[%emt 0:00:22]} 5. c3 {[%emt 0:00:05]} d6 {[%emt 0:01:25]} 6. e4 {[%emt 0:00:07]} c6 {[%emt 0:01:10]} 7. h3 {[%emt 0:05:35]} Nbd7 {[%emt 0:00:58]} 8. a4 {[%emt 0:31:53]} a5 {[%emt 0:00:45]} 9. Qb3 {[%emt 0:08:44]} Qc7 {[%emt 0:00:44]} 10. Be3 {[%emt 0:00:59]} b6 {[%emt 0:02:52]} 11. Be2 {[%emt 0:10:13]} Bb7 {[%emt 0:08:01]} 12. O-O {[%emt 0:01:12]} e6 {[%emt 0:00:51]} 13. Ne1 {[%emt 0:02:43]} c5 {[%emt 0:00:31]} 14. f3 {[%emt 0:00:57]} Nh5 {[%emt 0:05:22]} 15. Bb5 {[%emt 0:02:23]} e5 {[%emt 0:02:35]} 16. dxe5 {[%emt 0:02:11]} Nxe5 {[%emt 0:01:05]} 17. Rd1 {[%emt 0:04:37]} Kh8 {[%emt 0:03:16]} 18. Nd3 {[%emt 0:04:36]} f5 {[%emt 0:02:10]} 19. exf5 {[%emt 0:04:58]} gxf5 {[%emt 0:02:33]} 20. Nf4 {[%emt 0:06:43]} Nxf4 {[%emt 0:00:07]} 21. Bxf4 {[%emt 0:00:06]} Ng6 {[%emt 0:00:03]} 22. Bg3 {[%emt 0:01:27]} f4 {[%emt 0:01:18]} 23. Bf2 {[%emt 0:00:05]} d5 {[%emt 0:00:07]} 24. Rc1 {[%emt 0:05:07]} Ne7 {[%emt 0:02:01]} 25. Rfe1 {[%emt 0:02:01]} Nf5 {[%emt 0:05:12]} 26. Nf1 {[%emt 0:00:06]} Qd6 {[%emt 0:02:19]} 27. Re2 {[%emt 0:02:12]} d4 {[%emt 0:01:36]} 28. Re6 {[%emt 0:00:49]} Qd8 {[%emt 0:00:15]} 29. Bc6 {[%emt 0:00:57]} Bxc6 {[%emt 0:00:36]} 30. Rxc6 {[%emt 0:00:05]} Rb8 {[%emt 0:00:11]} 31. Rd1 {[%emt 0:02:03]} Qg5 {[%emt 0:06:14]} 32. Rxb6 {[%emt 0:01:08]} Rxb6 {[%emt 0:00:06]} 33. Qxb6 {[%emt 0:00:06]} Ne3 {[%emt 0:02:04]} 34. Bxe3 {[%emt 0:01:36]} fxe3 {[%emt 0:00:04]} 35. Nh2 {[%emt 0:00:51]} e2 {[%emt 0:00:20]} 0-1

[Event "Budapest Spring Festival 2019"]
[Site "Budapest"]
[Date "2019.04.16"]
[Round "8.27"]
[White "Horvath, Dominik"]
[Black "Nandhidhaa, P V"]
[Result "1/2-1/2"]
[WhiteElo "2412"]
[BlackElo "2314"]
[Annotator "NA"]
[PlyCount "77"]
[EventDate "2019.04.09"]
[EventType "swiss"]
[EventCountry "HUN"]
[SourceTitle "playchess.com"]
[Source "ChessBase"]
[SourceQuality "1"]
[TimeControl "40/5400+30:1800+30"]

1. c4 {[%emt 0:00:03]} Nf6 {[%emt 0:00:26]} 2. Nc3 {[%emt 0:00:56]} c5 {[%emt 0:00:12]} 3. Nf3 {[%emt 0:00:06]} d5 {[%emt 0:00:46]} 4. cxd5 {[%emt 0:00:07]} Nxd5 {[%emt 0:00:05]} 5. e3 {[%emt 0:00:31]} Nxc3 {[%emt 0:01:38]} 6. dxc3 {[%emt 0:00:16]} Qxd1+ {[%emt 0:01:00]} 7. Kxd1 {[%emt 0:00:08]} g6 {[%emt 0:04:26]} 8. e4 {[%emt 0:02:25]} Bg7 {[%emt 0:00:55]} 9. Be3 {[%emt 0:00:55]} Nd7 {[%emt 0:03:57]} 10. Nd2 {[%emt 0:18:02]} O-O {[%emt 0:05:13]} 11. a4 {[%emt 0:00:44]} b6 {[%emt 0:01:41]} 12. a5 {[%emt 0:01:42]} Bb7 {[%emt 0:02:33]} 13. Bb5 {[%emt 0:04:13]} Ne5 {[%emt 0:09:49]} 14. f3 {[%emt 0:02:49]} Rfc8 {[%emt 0:03:50]} 15. axb6 {[%emt 0:04:41]} axb6 {[%emt 0:00:19]} 16. Kc2 {[%emt 0:00:05]} Kf8 {[%emt 0:02:10]} 17. Rhe1 {[%emt 0:09:07]} e6 {[%emt 0:14:45]} 18. Bg5 {[%emt 0:01:54]} h6 {[%emt 0:01:45]} 19. Be3 {[%emt 0:03:15]} Ke7 {[%emt 0:01:37]} 20. Bg1 {[%emt 0:03:45]} g5 {[%emt 0:01:41]} 21. Red1 {[%emt 0:07:07]} Rxa1 {[%emt 0:06:42]} 22. Rxa1 {[%emt 0:00:04]} Ra8 {[%emt 0:00:07]} 23. Rxa8 {[%emt 0:00:40]} Bxa8 {[%emt 0:00:09]} 24. b4 {[%emt 0:07:40]} cxb4 {[%emt 0:01:03]} 25. c4 {[%emt 0:03:20]} Nd7 {[%emt 0:01:03]} 26. Bxd7 {[%emt 0:00:50]} Kxd7 {[%emt 0:00:07]} 27. Bxb6 {[%emt 0:00:02]} f5 {[%emt 0:02:03]} 28. Bc5 {[%emt 0:09:01]} Bc3 {[%emt 0:02:00]} 29. exf5 {[%emt 0:00:06]} exf5 {[%emt 0:00:14]} 30. Nb1 {[%emt 0:07:15]} Be5 {[%emt 0:01:53]} 31. h3 {[%emt 0:02:03]} g4 {[%emt 0:01:05]} 32. Nd2 {[%emt 0:01:31]} Bc3 {[%emt 0:03:10]} 33. hxg4 {[%emt 0:01:56]} fxg4 {[%emt 0:01:58]} 34. fxg4 {[%emt 0:00:02]} Bxg2 {[%emt 0:01:21]} 35. Bf8 {[%emt 0:00:05]} Bh3 {[%emt 0:01:14]} 36. Ne4 {[%emt 0:00:30]} Bxg4 {[%emt 0:00:55]} 37. Nxc3 {[%emt 0:00:05]} bxc3 {[%emt 0:00:07]} 38. Bxh6 {[%emt 0:00:04]} Kc6 {[%emt 0:00:15]} 39. Kxc3 {[%emt 0:00:04]} 1/2-1/2